| 000 | 00688nam a2200193 a 4500 | ||
|---|---|---|---|
| 005 | 20240703063736.0 | ||
| 008 | 991125s1979 mx 000 0 spa u | ||
| 035 | _aUPN01000005082 | ||
| 049 | _aF | ||
| 050 | 4 |
_aLE7.2913 U265 _bD412 no.109 |
|
| 100 | 1 | _aLombardo García, Irma | |
| 245 | 1 | 3 |
_aLa autonomía de la universidad : _bcronología del movimiento de 1929 / _cIrma Lombardo García. |
| 260 |
_aMéxico : _bUNAM, Centro de Estudios sobre la Universidad, _c1979. |
||
| 300 | _a31 p. | ||
| 440 | 0 |
_aDeslinde. _pCuadernos de cultura política universitaria ; _v109 |
|
| 610 | 2 | 4 | _aUNIVERSIDAD NACIONAL AUTONOMA DE MEXICO |
| 650 | 4 |
_aAutonomía en la educación _93083 |
|
| 905 | _aLibro | ||
| 999 |
_c5082 _d5082 |
||